Effectif SAAFC - Statistiques

Statistiques générales
  • Ce quiz a été pris 3 fois
  • Le résultat moyen est 5 sur 42
Statistiques - réponses
Poste Nom % Correct
M Ilan
100%
A Maxime Da Costa
100%
D Maxime varkevisser
100%
M Dylan
50%
G Francois Andral
50%
G Mael
50%
D Theo poirier
50%
M Brahim
0%
D Cedric
0%
D Cisse
0%
D Cyril
0%
M Deniz
0%
D Dorian Arque
0%
D Evan
0%
M Ilyas
0%
D Jordan
0%
A Kissma
0%
A Komi
0%
A Kylian
0%
M Lilian
0%
M Louison
0%
M Lucas
0%
A Malick
0%
M Mansour
0%
D Micka Da Costa
0%
M Mohamed
0%
A Nasreddine
0%
M Roman
0%
D Sebastien massat
0%
M Sofiane
0%
A Tayeb
0%
A Theo Daire
0%
D thibault
0%
D Thomas larme
0%
M Tomas boumaiza
0%
D Vincent
0%
D Wisdom
0%
M Yassin
0%
G Yo
0%
D Yohan
0%
M Youness
0%
A Zinedine
0%
Aucun quiz correspondant
Distribution des résultats
% des personnes avec chaque résultat
Percentile par nombre de réponses
Votre historique - résultats
Vous n’avez pas pris ce quiz